000 00373nam a2200133Ia 4500
008 151001s9999||||xx |||||||||||||| ||und||
100 _aअनुभवी तज्ञ
245 _aउच्च रक्तदाब व निद्रानाशावर
250 _a1
260 _bराजेश
260 _c-
300 _a87
365 _b18
999 _c973068
_d973065